000 00513nam a2200181 4500
001 366
005 20181127161413.0
020 0 0 _a9780070146730
090 0 0 _a658.4033 V888q 2011
100 0 0 _aVohra, N. D.
245 0 0 _aQuantitative techniques in management /
_b
_cN.C. Vohra
_h
250 0 0 _a4th ed.
260 0 0 _aNew Delhi :
_bTata McGraw Hill,
_c2011.
300 0 0 _axvi, 1063 p.
650 0 0 _aDecision making --Mathematical models.
_x
650 0 0 _aManagement --Mathematical models.
_x
650 0 0 _aManagement.
_x
999 _c322
_d322